000
00215 a2200097 4500
001
33154
100
_a
Oliver,P
245
_a
Writing your thesis
260
_a
ND
_b
Vistaar Publication
_c
2004
090
_c
22224
_d
22224
942
_a
NUST-CAE
_c
M
_c
13586
999
_c
268227
_d
268227